Obras y escritos pastorales

Uloženo v:
Podrobná bibliografie
Hlavní autor: Suquia Goicochea, Angel (Autor)
Médium: Kniha
Jazyk:španělština
Vydáno: Madrid Arzobispado de Madrid 1994
Témata:
Tagy: Přidat tag
Žádné tagy, Buďte první, kdo vytvoří štítek k tomuto záznamu!

MARC

LEADER 00000nam a2200000 a 4500
001 UCY5341
003 CL-VaPUC
008 950502e19940000SP |||||||||||||||||spa|d
082 0 4 |a 253  |b SUQ  |2 21 
100 0 |a Suquia Goicochea, Angel  |e author  |9 334038 
245 1 0 |a Obras y escritos pastorales 
942 |c BK 
945 |d 19950502 00:00:00  |a aalvarez 
260 |a Madrid  |b Arzobispado de Madrid  |c 1994 
650 0 |a Teología pastoral   |9 257832 
583 |a last modification  |c 19950502 00:00:00  |k Rodrigo Vera 
999 |c 233017  |d 233015 
952 |0 0  |1 0  |4 0  |6 253_000000000000000_SUQ_1994  |7 0  |8 A  |9 238064  |a BIBTEO  |b BIBTEO  |d 2019-11-18  |h v.4.1  |i 3080161  |o 253 SUQ 1994  |p 3080161  |r 2025-01-17  |w 2019-11-18  |y BK  |k ICR 
952 |0 0  |1 0  |4 0  |6 253_000000000000000_SUQ_1994  |7 0  |8 A  |9 238065  |a BIBTEO  |b BIBTEO  |d 2019-11-18  |h v.4.2  |i 3087360  |o 253 SUQ 1994  |p 3087360  |r 2025-01-17  |w 2019-11-18  |y BK  |k ICR